[Event "Gipuzkoako-ch U16"]
[Site "Errenteria"]
[Date "2007.10.28"]
[Round "2.5"]
[White "Olabe Odriozola, Eduardo"]
[Black "Aramendia Zabaleta, Guillermo"]
[Result "1-0"]
[WhiteElo "1718"]
[BlackElo "1588"]
[PlyCount "45"]
[EventDate "2007.10.21"]
[EventType "swiss"]
[EventRounds "6"]
[EventCountry "ESP"]
[SourceTitle "EXT 2024"]
[Source "ChessBase"]
[SourceDate "2023.10.10"]
[SourceVersion "1"]
[SourceVersionDate "2023.10.10"]
[SourceQuality "1"]

1. e4 e5 2. Nf3 Nc6 3. Bc4 Nf6 4. Ng5 d5 5. exd5 Nxd5 6. Qf3 Be6 7. Nxe6 fxe6 8. 0-0 Nd4 9. Qh5+ g6 10. Qxe5 Qf6 11. Qxf6 Nxf6 12. Bb3 0-0-0 13. Re1 Nxb3 14. axb3 Bc5 15. c3 Rhe8 16. d4 Bb6 17. Bg5 Ng4 18. Bxd8 Kxd8 19. Nd2 c5 20. Nc4 Bc7 21. h3 Nf6 22. dxc5 e5 23. Rxa7 1-0